[Event "Rhein Main op-B 19th"]
[Site "Bad Homburg"]
[Date "2016.05.29"]
[Round "7"]
[White "Koestler, Peter"]
[Black "Preiss, Matthias"]
[Result "1/2-1/2"]
[WhiteElo "1902"]
[BlackElo "1653"]
[PlyCount "136"]
[EventDate "2016.05.25"]
[EventType "swiss"]
[EventRounds "7"]
[EventCountry "GER"]
[SourceTitle "EXT 2017"]
[Source "ChessBase"]
[SourceDate "2016.10.25"]
[SourceVersion "1"]
[SourceVersionDate "2016.10.25"]
[SourceQuality "1"]

1. d4 b6 2. Bf4 Bb7 3. e3 e6 4. Nf3 Nf6 5. h3 c5 6. c3 Be7 7. Bd3 0-0 8. 0-0 d6 9. Qe2 Nbd7 10. Nbd2 Re8 11. Nc4 Nf8 12. Rad1 Ng6 13. Bh2 b5 14. Ncd2 c4 15. Bc2 d5 16. Ne5 Nxe5 17. dxe5 Nd7 18. Qg4 Qb6 19. Bf4 f5 20. Qe2 b4 21. Nf3 a5 22. Nd4 Nc5 23. cxb4 axb4 24. Bb1 Ba6 25. Rfe1 c3 26. Qc2 cxb2 27. Qxb2 Na4 28. Qd2 Nc3 29. Rc1 Nxb1 30. Rxb1 Bc4 31. Rb2 Ra6 32. Rc1 Rea8 33. Rcc2 Ra4 34. Kh2 R8a6 35. g4 g6 36. gxf5 exf5 37. Nb3 Kf7 38. Nc1 h5 39. Kg2 Qb5 40. Qd1 Ke6 41. Ne2 Bxe2 42. Rxe2 Rc6 43. Red2 Ra3 44. Rd4 Rac3 45. Rbd2 Rc1 46. Qe2 Qxe2 47. Rxe2 R1c2 48. Rdd2 Rxd2 49. Rxd2 g5 50. Bh2 Rc3 51. Re2 Bc5 52. Rd2 h4 53. Rb2 g4 54. hxg4 fxg4 55. Bf4 Kf5 56. Rd2 h3+ 57. Kh2 Ke4 58. Bg3 d4 59. exd4 Bxd4 60. e6 Rc8 61. e7 Re8 62. Re2+ Kf5 63. Bd6 Bc3 64. Re3 Bd2 65. Re5+ Kf6 66. Rb5 Kf7 67. Rf5+ Ke6 68. Rf8 Kd7 1/2-1/2

[Event "Rhein Main op-B 19th"]
[Site "Bad Homburg"]
[Date "2016.05.25"]
[Round "1"]
[White "Preiss, Matthias"]
[Black "Ebeling, Gereon"]
[Result "1-0"]
[WhiteElo "1653"]
[BlackElo "973"]
[PlyCount "57"]
[EventDate "2016.05.25"]
[EventType "swiss"]
[EventRounds "7"]
[EventCountry "GER"]
[SourceTitle "EXT 2017"]
[Source "ChessBase"]
[SourceDate "2016.10.25"]
[SourceVersion "1"]
[SourceVersionDate "2016.10.25"]
[SourceQuality "1"]

1. Nf3 Nc6 2. d4 e6 3. Bf4 d5 4. e3 Nf6 5. Nbd2 Bd7 6. c3 Be7 7. Bd3 Nh5 8. Qc2 Nxf4 9. exf4 f5 10. 0-0-0 Bf6 11. Ne5 Nxe5 12. fxe5 Bg5 13. g3 Bc6 14. f4 Be7 15. Nf3 g6 16. Kb1 h6 17. Qe2 Qd7 18. c4 dxc4 19. Bxc4 Bd5 20. Rc1 c6 21. Rhe1 Bb4 22. Red1 Bxc4 23. Qxc4 Ba5 24. Nd2 0-0-0 25. b4 Bb6 26. Nb3 Qd5 27. b5 Kc7 28. bxc6 Qxc6 29. Qxe6 1-0

[Event "Rhein Main op-B 17th"]
[Site "Bad Homburg"]
[Date "2014.06.22"]
[Round "7"]
[White "Muehlpfordt, Thomas"]
[Black "Preiss, Matthias"]
[Result "1-0"]
[WhiteElo "1379"]
[BlackElo "1651"]
[PlyCount "107"]
[EventDate "2014.06.18"]
[EventType "swiss"]
[EventRounds "9"]
[EventCountry "GER"]
[SourceTitle "CBM 161 Extra"]
[Source "ChessBase"]
[SourceDate "2014.08.29"]
[SourceVersion "1"]
[SourceVersionDate "2014.08.29"]
[SourceQuality "1"]

1. e4 c5 2. Nf3 Nc6 3. d4 cxd4 4. Nxd4 e6 5. c4 Nf6 6. Nc3 Bb4 7. f3 Bxc3+ 8. bxc3 h6 9. Ba3 Ne7 10. Nb5 0-0 11. Bd6 Ne8 12. Bb4 f5 13. e5 f4 14. Bd3 Rf7 15. Be4 Nf5 16. Bxf5 Rxf5 17. Qd4 Qg5 18. Kf2 Rxe5 19. h4 Qg3+ 20. Kf1 Re3 21. Rh3 Rxf3+ 22. Kg1 Rd3 23. Qxd3 Qxd3 24. Rxd3 d5 25. cxd5 exd5 26. Rxd5 Be6 27. Re5 Bc4 28. Rae1 Nf6 29. a3 Rd8 30. Be7 Rd2 31. Bxf6 gxf6 32. Rc5 Bd5 33. Rc8+ Kg7 34. Rd8 Rxg2+ 35. Kf1 Rd2 36. Re2 Rxe2 37. Kxe2 Bc4+ 38. Kf3 Bxb5 39. Kxf4 Kg6 40. h5+ Kf7 41. Kf5 Be8 42. Rd6 Ke7 43. Rxf6 Bxh5 44. Rxh6 Bf3 45. Ke5 Kd7 46. Kd4 Kc7 47. Kc5 Bc6 48. Rh7+ Bd7 49. Rg7 a6 50. Rh7 b6+ 51. Kd5 Kd8 52. Kd6 Be8 53. Rh8 b5 54. Ke6 1-0

[Event "Rhein Main op-B 17th"]
[Site "Bad Homburg"]
[Date "2014.06.21"]
[Round "5"]
[White "Woessmann, David"]
[Black "Preiss, Matthias"]
[Result "0-1"]
[WhiteElo "1383"]
[BlackElo "1651"]
[PlyCount "104"]
[EventDate "2014.06.18"]
[EventType "swiss"]
[EventRounds "9"]
[EventCountry "GER"]
[SourceTitle "CBM 161 Extra"]
[Source "ChessBase"]
[SourceDate "2014.08.29"]
[SourceVersion "1"]
[SourceVersionDate "2014.08.29"]
[SourceQuality "1"]

1. e4 e6 2. d4 d5 3. Nc3 Nf6 4. e5 Nfd7 5. f4 c5 6. Nf3 Nc6 7. Be3 a6 8. Ne2 Qb6 9. Qc1 Be7 10. c3 0-0 11. g4 f6 12. Bg2 fxe5 13. fxe5 cxd4 14. cxd4 Bb4+ 15. Nc3 Qa5 16. 0-0 Nb6 17. a3 Bxc3 18. bxc3 Nc4 19. Bg5 Bd7 20. h4 Rf7 21. h5 Qb6 22. Bh4 N6xe5 23. Ng5 Rxf1+ 24. Qxf1 Rf8 25. Qe2 Nf7 26. Nf3 Ncd6 27. Ne5 Bb5 28. Qe3 Nxe5 29. Qxe5 Nc4 30. Qg3 Re8 31. Kh1 Qd6 32. Qf2 Bc6 33. Rf1 Rf8 34. Qe2 Rxf1+ 35. Qxf1 Nxa3 36. h6 Qf8 37. Qe2 Bd7 38. Bxd5 exd5 39. Be7 Bxg4 40. Qxg4 Qxe7 41. Qc8+ Qf8 42. Qe6+ Kh8 43. hxg7+ Kxg7 44. Qe5+ Qf6 45. Qg3+ Kf7 46. Qc7+ Qe7 47. Qf4+ Ke6 48. Qe5+ Kd7 49. Qxd5+ Kc7 50. Qa5+ Kb8 51. Qd5 Nb5 52. Qg8+ Ka7 0-1

[Event "Rhein Main op-B 17th"]
[Site "Bad Homburg"]
[Date "2014.06.20"]
[Round "4"]
[White "Preiss, Matthias"]
[Black "Euler, Stephan"]
[Result "0-1"]
[WhiteElo "1651"]
[BlackElo "1859"]
[PlyCount "54"]
[EventDate "2014.06.18"]
[EventType "swiss"]
[EventRounds "9"]
[EventCountry "GER"]
[SourceTitle "CBM 161 Extra"]
[Source "ChessBase"]
[SourceDate "2014.08.29"]
[SourceVersion "1"]
[SourceVersionDate "2014.08.29"]
[SourceQuality "1"]

1. Nf3 e6 2. d4 f5 3. e3 Nf6 4. c4 d5 5. Nc3 c6 6. a3 a5 7. Bd2 Bd6 8. c5 Bc7 9. b4 0-0 10. b5 b6 11. cxb6 Bxb6 12. Ne5 c5 13. dxc5 Bxc5 14. a4 d4 15. Ne2 Ne4 16. Nd3 dxe3 17. Bxe3 Bxe3 18. fxe3 Qb6 19. Qc1 Bb7 20. Nd4 Nd7 21. Nf2 Rac8 22. Bc4 Bd5 23. Nc6 Bxc6 24. Bxe6+ Kh8 25. bxc6 Rxc6 26. Qd1 Qxe3+ 27. Qe2 Qc3+ 0-1

[Event "Rhein Main op-B 17th"]
[Site "Bad Homburg"]
[Date "2014.06.19"]
[Round "3"]
[White "Euler, Daniel"]
[Black "Preiss, Matthias"]
[Result "0-1"]
[WhiteElo "809"]
[BlackElo "1651"]
[PlyCount "56"]
[EventDate "2014.06.18"]
[EventType "swiss"]
[EventRounds "9"]
[EventCountry "GER"]
[SourceTitle "CBM 161 Extra"]
[Source "ChessBase"]
[SourceDate "2014.08.29"]
[SourceVersion "1"]
[SourceVersionDate "2014.08.29"]
[SourceQuality "1"]

1. e4 e6 2. Nf3 d5 3. d3 Nf6 4. e5 Nfd7 5. d4 c5 6. c3 Nc6 7. Be3 Qb6 8. b3 cxd4 9. cxd4 Bb4+ 10. Nbd2 Bc3 11. Rc1 Bxd4 12. Bxd4 Nxd4 13. Be2 Nc6 14. 0-0 Ndxe5 15. Nxe5 Nxe5 16. Kh1 0-0 17. h3 Bd7 18. Nf3 Nc6 19. Qd2 Rfe8 20. Rce1 Rad8 21. Bd3 e5 22. Bb1 Bc8 23. Re2 h6 24. Qc2 e4 25. Nd2 Nd4 26. Qd1 Nxe2 27. Qxe2 f5 28. f3 e3 0-1

[Event "Karl Mala Memorial op 14th"]
[Site "Frankfurt"]
[Date "2011.07.09"]
[Round "4"]
[White "Preiss, Matthias"]
[Black "Suendorf, Dominik"]
[Result "0-1"]
[WhiteElo "1446"]
[BlackElo "1758"]
[PlyCount "126"]
[EventDate "2011.07.07"]
[EventType "swiss"]
[EventRounds "7"]
[EventCountry "GER"]
[SourceTitle "EXT 2012"]
[Source "ChessBase"]
[SourceDate "2011.11.24"]
[SourceVersion "1"]
[SourceVersionDate "2011.11.24"]
[SourceQuality "1"]

1. e4 c5 2. Nf3 Nc6 3. Bc4 g6 4. 0-0 Bg7 5. Re1 e6 6. d3 Nge7 7. Nc3 0-0 8. Be3 d5 9. exd5 exd5 10. Nxd5 Nxd5 11. Bxc5 Nde7 12. Qe2 Bf6 13. h4 Bg4 14. Qe4 Bf5 15. Qf4 Bxb2 16. Rab1 Bc3 17. Qh6 Bg7 18. Qg5 h6 19. Bxe7 hxg5 20. Bxd8 Nxd8 21. Nxg5 Bf6 22. Bd5 Rb8 23. Nf3 Be6 24. Bxe6 Nxe6 25. g3 Rfc8 26. Re2 Rc3 27. Rb3 b5 28. Kf1 b4 29. Ke1 a5 30. Kd2 a4 31. Rxc3 bxc3+ 32. Ke3 a3 33. d4 Rd8 34. Kd3 Nxd4 35. Nxd4 Bxd4 36. Kc4 Bf6 37. Kb3 Kg7 38. Re3 Rb8+ 39. Kxa3 Rb2 40. Re2 Kf8 41. f3 Be7+ 42. Ka4 Rxa2+ 43. Kb3 Ra3+ 44. Kc4 Bf6 45. Kd3 Ra1 46. Rh2 Rd1+ 47. Ke3 Bd4+ 48. Ke4 Rd2 49. Rh1 Ke7 50. g4 Ke6 51. g5 f5+ 52. gxf6 Bxf6 53. f4 Rxc2 54. h5 gxh5 55. Rxh5 Rd2 56. Rc5 Kd6 57. Rc8 Bd4 58. Rd8+ Ke7 59. Rxd4 Rxd4+ 60. Kxd4 c2 61. Ke5 c1Q 62. Kf5 Qc5+ 63. Kg4 Kf6 0-1

[Event "Karl Mala Memorial op 14th"]
[Site "Frankfurt"]
[Date "2011.07.08"]
[Round "3"]
[White "Breitwieser, Jasmin"]
[Black "Preiss, Matthias"]
[Result "1-0"]
[WhiteElo "1904"]
[BlackElo "1446"]
[PlyCount "91"]
[EventDate "2011.07.07"]
[EventType "swiss"]
[EventRounds "7"]
[EventCountry "GER"]
[SourceTitle "EXT 2012"]
[Source "ChessBase"]
[SourceDate "2011.11.24"]
[SourceVersion "1"]
[SourceVersionDate "2011.11.24"]
[SourceQuality "1"]

1. d4 e6 2. c4 Nf6 3. Nc3 Be7 4. Nf3 0-0 5. e3 c6 6. Bd3 d5 7. 0-0 dxc4 8. Bxc4 b5 9. Bd3 Bb7 10. Qc2 a6 11. e4 g6 12. Be3 Nbd7 13. e5 Nh5 14. Ne4 Ng7 15. Nc5 Nxc5 16. dxc5 Nf5 17. Bxf5 exf5 18. Bh6 Re8 19. Rad1 Qc7 20. Rd3 Rad8 21. Rfd1 Rxd3 22. Rxd3 Rd8 23. b4 Bf8 24. Bxf8 Kxf8 25. Rd6 Bc8 26. Qd2 Re8 27. Qh6+ Kg8 28. Ng5 f6 29. Rxf6 Qg7 30. Qxg7+ Kxg7 31. f4 h6 32. Nf3 Re6 33. Rxe6 Bxe6 34. a3 Bd5 35. Nd4 Be4 36. h3 g5 37. fxg5 hxg5 38. g3 Kg6 39. Kf2 f4 40. gxf4 gxf4 41. h4 Kh5 42. e6 Kxh4 43. e7 Bg6 44. Nxc6 Kg5 45. Ne5 Be8 46. c6 1-0

[Event "Karl Mala Memorial op 14th"]
[Site "Frankfurt"]
[Date "2011.07.08"]
[Round "2"]
[White "Preiss, Matthias"]
[Black "Pollmann, Sascha"]
[Result "0-1"]
[WhiteElo "1446"]
[BlackElo "2026"]
[PlyCount "76"]
[EventDate "2011.07.07"]
[EventType "swiss"]
[EventRounds "7"]
[EventCountry "GER"]
[SourceTitle "EXT 2012"]
[Source "ChessBase"]
[SourceDate "2011.11.24"]
[SourceVersion "1"]
[SourceVersionDate "2011.11.24"]
[SourceQuality "1"]

1. e4 e6 2. d4 d5 3. e5 c5 4. c3 Nc6 5. Nf3 Nh6 6. Bd3 f6 7. Bxh6 gxh6 8. Nh4 Qe7 9. Qh5+ Qf7 10. Qxf7+ Kxf7 11. exf6 cxd4 12. 0-0 Bd6 13. a3 Bd7 14. cxd4 Nxd4 15. Nd2 Be5 16. Nhf3 Nxf3+ 17. Nxf3 Bxf6 18. Ra2 e5 19. Bc2 e4 20. Nd2 Rac8 21. b4 Be6 22. Bb3 Rc3 23. Rc2 Rxc2 24. Bxc2 Rc8 25. Bd1 Bb2 26. a4 Bc3 27. Nb3 Bxb4 28. Nd4 Rc4 29. Nxe6 Kxe6 30. Bg4+ Ke5 31. f4+ Kf6 32. h4 Bc5+ 33. Kh2 Rxa4 34. Bd7 Ra2 35. Bc8 Rb2 36. Rc1 Bd6 37. Rf1 h5 38. Kh3 e3 0-1

[Event "Rhein Main op-B 14th"]
[Site "Bad Homburg"]
[Date "2011.06.25"]
[Round "6"]
[White "Preiss, Matthias"]
[Black "Keuneke, Hanno"]
[Result "0-1"]
[WhiteElo "1446"]
[BlackElo "1771"]
[PlyCount "100"]
[EventDate "2011.06.22"]
[EventType "swiss"]
[EventRounds "7"]
[EventCountry "GER"]
[SourceTitle "EXT 2012"]
[Source "ChessBase"]
[SourceDate "2011.11.24"]
[SourceVersion "1"]
[SourceVersionDate "2011.11.24"]
[SourceQuality "1"]

1. d4 Nf6 2. Bf4 g6 3. Nd2 Bg7 4. Be5 Nc6 5. Bxf6 Bxf6 6. e3 d5 7. f4 0-0 8. Ngf3 Bf5 9. a3 a6 10. h4 h5 11. Ne5 Nxe5 12. dxe5 Bg7 13. Be2 f6 14. g4 hxg4 15. Bxg4 Qd7 16. Bxf5 Qxf5 17. exf6 Rxf6 18. c3 Re6 19. Kf2 Kf7 20. h5 g5 21. Qf3 gxf4 22. Qxf4 Rf6 23. Qxf5 Rxf5+ 24. Ke2 Rh8 25. Raf1 Ke6 26. Rxf5 Kxf5 27. Kf3 Kg5 28. Rg1+ Kf6 29. Rh1 Bh6 30. b3 Rg8 31. a4 e5 32. c4 Ke6 33. cxd5+ Kxd5 34. Rh4 Rf8+ 35. Ke2 Rg8 36. Kf3 b5 37. axb5 axb5 38. Nf1 c5 39. e4+ Kd4 40. Ng3 Kc3 41. Nf5 Bf4 42. Rxf4 exf4 43. Kxf4 Kxb3 44. h6 c4 45. Nd4+ Ka4 46. e5 b4 47. e6 b3 48. e7 b2 49. Ne2 Kb4 50. h7 Rh8 0-1